000
00219nam a22000977a 4500
082
_a
671.52 WEL'D
245
_a
NOTES ON MODERN WELDING
260
_a
RAWALPINDI
_b
EME COLLEGE
_c
1996
300
_a
101 TO 325P
942
_c
BK
999
_c
580864
_d
580864